| 000 | 01528nam a2200229Ia 4500 | ||
|---|---|---|---|
| 003 | Ost | ||
| 005 | 20260507075601.0 | ||
| 008 | 260507s9999||||xx |||||||||||||| ||und|| | ||
| 020 | _a9960243258 | ||
| 040 | _cfsecg | ||
| 041 | _aara | ||
| 082 | _a300 | ||
| 100 |
_aديسلر، جاري _eمؤلف |
||
| 245 | 0 |
_aاساسيات الادارة : _bالمبادئ والتطبيقات الحديثة / _c جاري ديسلر |
|
| 260 |
_aالرياض: _bدار المريخ للنشر والتوزيع, _c2002 |
||
| 300 |
_a782 صفحة؛ _bإيضاحات ؛ _c24 سم |
||
| 520 | _aمقدمة لعملية الادارة, التخطيط و الاهداف و التنبؤ اضافة الى اتخاذ القرارات الادارية, أساسيات التنظيم, التفويض و اللامركزية, نظرية التنظيم الحديثة: تصميم التنظيمات, الاستقطاب و الاختيار و كذا التقييم و التطوير, الادارة و العامل الانساني كذلك الدافعية, القيادة, عملية الاتصال, مبادئ الرقابة و عملياتها و كذا أدوات الرقابة بالموازنات و نظم المعلومات الادارية, الادارة (التحدي العالمي) و في الاخير المسؤوليات البيئية و الاخلاقية و الاجتماعية للادارة. | ||
| 653 | _aالادارة | ||
| 653 | _aالرقابة | ||
| 653 | _aالعمليات الادارية | ||
| 942 | _cكتاب | ||
| 999 |
_c45004 _d45004 |
||